000 01348nam a22003254a 4500
001 ebr10103880
003 CaPaEBR
006 m u
007 cr cn|||||||||
008 020427s2002 miua sbs 001 0 eng
020 _z9781417505333
020 _z0880992336 (pbk. : alk. paper)
020 _z0880992344 (cloth : alk. paper)
040 _aCaPaEBR
_cCaPaEBR
035 _a(OCoLC)568004610
050 1 4 _aHF5549.5.D55
_bL67 2002eb
082 0 4 _a331.13/7
_221
245 0 0 _aLosing work, moving on
_h[electronic resource] :
_binternational perspectives on worker displacement /
_cPeter J. Kuhn, editor.
260 _aKalamazoo, Mich. :
_bW.E. Upjohn Institute for Employment Research,
_c2002.
300 _axvi, 544 p. :
_bill.
504 _aIncludes bibliographical references and indexes.
533 _aElectronic reproduction.
_bPalo Alto, Calif. :
_cebrary,
_d2013.
_nAvailable via World Wide Web.
_nAccess may be limited to ebrary affiliated libraries.
650 0 _aDisplaced workers
_vCase studies.
650 0 _aUnemployed
_vCase studies.
650 0 _aUnemployment
_vCase studies.
655 7 _aElectronic books.
_2local
700 1 _aKuhn, Peter Joseph.
710 2 _aebrary, Inc.
856 4 0 _uhttp://site.ebrary.com/lib/rucke/Doc?id=10103880
_zAn electronic book accessible through the World Wide Web; click to view
999 _c206490
_d206490